Women and cross-dressing 1800-1939 Volume I Theories: sexology and the taxonomies of gender

Bibliographic Details
Other Authors: Bauer, Heike (Editor)
Format: Book
Language:English
PhysicalDescription:xxxvii, 405 s. 22 cm
Published: London New York Routledge 2006
ISBN:0415323029 (set)
0415322995 (vol. 1)
Edition:1st pub.
Series:History of feminism
Subjects:

MARC

LEADER 00000nam a2200000 a 4500
001 vtls008900348
003 SK-MaSNL
005 20260302004917.0
008 061213s2006 xxk d 000 0 eng
020 |a 0415323029 (set) 
020 |a 0415322995 (vol. 1) 
040 |a SNK  |b slo  |c SNK  |e AACR2 
041 0 |a eng 
044 |a uk  |a us  |c GB  |c US 
072 7 |a 316.7  |x Sociológia kultúry. Kultúrny život  |2 konspekt 
080 |a 316.346.2-055.2  |2 2001 
080 |a 613.885  |2 2001 
080 |a 82-055.2  |2 2001 
080 |a 159.923.2  |2 2001 
080 |a 159.922.1  |2 2001 
080 |a 316.72/.75  |2 2001 
080 |a (048.8)  |2 2001 
080 |a (082)  |2 2001 
245 0 0 |a Women and cross-dressing 1800-1939  |n Volume I  |p Theories: sexology and the taxonomies of gender  |c edited by Heike Bauer 
246 3 0 |a Theories: sexology and the taxonomies of gender 
250 |a 1st pub. 
260 |a London  |a New York  |b Routledge  |c 2006 
300 |a xxxvii, 405 s.  |c 22 cm 
490 1 |a History of feminism 
504 |a Pozn. 
648 7 |a 1800-1939  |2 SNKPH  |9 645606 
650 0 7 |a ženy  |2 SNKPH  |9 4865 
650 0 7 |a transvestizmus  |2 SNKPH  |9 68617 
650 0 7 |a ženy v literatúre  |2 SNKPH  |9 73080 
650 0 7 |a rodová identita  |2 SNKPH  |9 91061 
650 0 7 |a psychológia pohlaví  |2 SNKPH  |9 18342 
650 0 7 |a kultúra a spoločnosť  |2 SNKPH  |9 4083 
655 7 |a štúdie  |2 SNKPH  |9 57033 
655 7 |a zborníky  |2 SNKPH  |9 70165 
700 1 |a Bauer, Heike  |4 edt  |9 535416 
830 0 |a History of feminism  |9 535417 
919 |a 0-415-32299-5 
999 |c 997643  |d 999573 
952 |t snkWOM/1 316.346.2  |a SNKUST  |b SNKUST  |y PREZ  |7 0  |p 17A0533138  |o snkIC 134326/1  |i snk2006/26023  |8 3  |g 260.71  |0 0  |1 0  |4 0  |d 2006-12-13  |l 0  |r 2025-04-29 00:00:00  |w 2026-02-24